000 00782nam a2200253Ia 4500
003 OSt
005 20220918171028.0
006 a|||||r|||| 00| 0
007 ta
008 220917b |||||||| |||| 00| 0 eng d
020 _a9781138020283 (hbk)
_c795
024 _a283,438
037 _bCBS/224, 16/01/2015, Classic Book Service
_cTextual
040 _aARTS
_cARTS
_beng
041 _2eng
_aeng
082 _aY:4515.2, Q4
100 _aDagar Rainuka
_933309
245 0 _aGender identity and violence
_b Female deselection in India
260 _aLondon
_bRoutledge UK
_c2014
300 _axxiii,324p.
_ccm.
650 _aSOCIOLOGY
942 _hY:4515.2, Q4
_cTEXL
_2CC
999 _c137392
_d137392